Sanat - "Norjalaista puuta" - Jaakko Kulta - Statistics

Yleistilastot
  • Tätä visaa on pelattu 90 kertaa
  • Keskiarvotulos 133 / 192
Vastaustilastot
Vastaus % Oikein
On
92%
on
92%
onnellisuus
92%
tätä
92%
Tätä
92%
miinuksella
90%
Tilit
90%
todellisuus
87%
kun
84%
Kun
84%
luoma
84%
Pizzalaatikoiden
81%
et
76%
Et
76%
iltaset?
76%
Norjalaista
76%
oo
76%
puuta
76%
Soitin
76%
sulle
76%
74%
yöllä
74%
ikkunasta
73%
sun
71%
ulkona
71%
oot
69%
se
69%
ei
66%
En
66%
en
66%
jos
66%
siinä
66%
niin
65%
onki
65%
aika
63%
hiljaset
63%
kaikki
63%
Yhtäkkiä
63%
äänet
61%
hengität
61%
kovat
61%
liiku
61%
vähä
61%
päällä
60%
pilviä
60%
pipo
60%
Poltetaaks
60%
Ja
58%
58%
58%
Pelkkä
58%
pientä
58%
muodollisuus
56%
viiniä
56%
saada
55%
sopii
55%
työtä
55%
luottoa
52%
sulta
52%
viileää
52%
vaan
50%
kahvia
48%
mut
48%
rikkoa
48%
sattuu
48%
sinne
48%
taksin
48%
Vaatinut
48%
aina
47%
haluis
47%
kuulin
47%
mokii
47%
otan
47%
sitä
47%
Mun
45%
mun
45%
jossai
44%
korkeemmal
40%
pakko
40%
vaikka
40%
myöntää
39%
sua
39%
kortteja
37%
luet
37%
mulle
37%
mua
35%
saan
35%
kuuntelemaan
34%
laskeudun
34%
pyydät
34%
suudella
32%
noidaksi
31%
siten
31%
vasta
31%
tuomiota
29%
kääntyisin
27%
Ehtoja vastaavia visoja ei löytynyt
Tulosjakauma
Jokaisen tuloksen saaneiden osuus
Persentiili vastausten määrän mukaan
Tuloshistoriasi
Et ole pelannut tätä visaa